Leadership: (Record no. 147563)

MARC details
000 -LEADER
fixed length control field 00694nam a22002297a 4500
005 - DATE AND TIME OF LATEST TRANSACTION
control field 20250128125034.0
010 ## - LCCN (DPL NO)
LC control number ENG-121478 ENG-143652
020 ## - INTERNATIONAL STANDARD BOOK NUMBER
International Standard Book Number 9789325987531
Terms of availability 325.00
020 ## - INTERNATIONAL STANDARD BOOK NUMBER
International Standard Book Number 9789325987531
Terms of availability 600.00
035 ## - SYSTEM CONTROL NUMBER
System control number EN-105010
035 ## - SYSTEM CONTROL NUMBER
System control number EN-127184
037 ## - SOURCE OF ACQUISITION
Source of stock number/acquisition DBAD
082 ## - DEWEY DECIMAL CLASSIFICATION NUMBER
Classification number 658.4092
100 ## - MAIN ENTRY--PERSONAL NAME
Personal name Mittal, Ranjana
245 ## - TITLE STATEMENT
Title Leadership:
Statement of responsibility, etc by Ranjana Mittal
Remainder of title Personal effectiveness and team building/
250 ## - EDITION STATEMENT
Edition statement 2nd ed.
260 ## - PUBLICATION, DISTRIBUTION, ETC. (IMPRINT)
Place of publication, distribution, etc Noida
Name of publisher, distributor, etc Vikas Publishing House
Date of publication, distribution, etc 2015,2024
270 ## - ADDRESS
Address E-28, Sector 8,
City Noida (UP)
Postal code 201301
300 ## - PHYSICAL DESCRIPTION
Extent xiv,340p.:
Dimensions 25cm(pbk)
Other physical details ill
500 ## - GENERAL NOTE
General note Includes index
942 ## - ADDED ENTRY ELEMENTS (KOHA)
Source of classification or shelving scheme Dewey Decimal Classification
Item type English Books
Classification part 658.4092
Call number suffix MIT
Holdings
Withdrawn status Lost status Not for loan Collection code Home library Current library Date acquired Source of acquisition Cost, normal purchase price Full call number Barcode Copy number Cost, replacement price Koha item type
    Not For Loan Non-fiction D.B.Act.Division Bawana 18/11/2017 DBAD/PUB 325.00 658.4092 MIT EN-105010 1 325.00 English Books
      Non-fiction RC4 Seelam Pur RC4 Seelam Pur 28/01/2025 Delivery of Books Act Division 600.00 658.4092 MIT EN-127184 1 600.00 English Books

© Delhi Public Library
Hit Counter
free hit counter